Bhasa vijanan upakramanika (Record no. 10987)
[ view plain ]
| 000 -LEADER | |
|---|---|
| fixed length control field | 00494cam a2200193ua 4500 |
| 001 - CONTROL NUMBER | |
| control field | 12240 |
| 005 - DATE AND TIME OF LATEST TRANSACTION | |
| control field | 20260515114844.0 |
| 008 - FIXED-LENGTH DATA ELEMENTS--GENERAL INFORMATION | |
| fixed length control field | 200320n ii |||gr||||Z||||||asm |
| 020 ## - INTERNATIONAL STANDARD BOOK NUMBER | |
| International Standard Book Number | 9788173393397 |
| 040 ## - CATALOGING SOURCE | |
| Transcribing agency | MAIN |
| 082 ## - DEWEY DECIMAL CLASSIFICATION NUMBER | |
| Classification number | 491.451 |
| 100 ## - MAIN ENTRY--PERSONAL NAME | |
| Personal name | Arpana Konwar, |
| Relator term | Author. |
| 245 ## - TITLE STATEMENT | |
| Title | Bhasa vijanan upakramanika |
| Statement of responsibility, etc. | By Arpana Konwar |
| 250 ## - EDITION STATEMENT | |
| Edition statement | 7th rep. |
| 260 ## - PUBLICATION, DISTRIBUTION, ETC. | |
| Place of publication, distribution, etc. | Dibrugarh: |
| Name of publisher, distributor, etc. | Banalata, |
| Date of publication, distribution, etc. | 2018. |
| 300 ## - PHYSICAL DESCRIPTION | |
| Extent | 320p. |
| 653 ## - INDEX TERM--UNCONTROLLED | |
| Uncontrolled term | East Indo-European & Celtic languages |
| 942 ## - ADDED ENTRY ELEMENTS (KOHA) | |
| Koha item type | Books |
| Withdrawn status | Lost status | Damaged status | Not for loan | Home library | Current library | Shelving location | Date acquired | Total checkouts | Full call number | Barcode | Date last seen | Date last checked out | Copy number | Price effective from | Koha item type |
|---|---|---|---|---|---|---|---|---|---|---|---|---|---|---|---|
| Naharkatiya College Library | Naharkatiya College Library | General stacks | 09/19/2020 | 38 | 491.451Language | KON | 28347 | 04/30/2026 | 03/27/2026 | 4 | 09/19/2020 | Books | ||||
| Naharkatiya College Library | Naharkatiya College Library | General stacks | 09/19/2020 | 37 | 491.451Language | KON | 28348 | 04/30/2026 | 04/01/2026 | 3 | 09/19/2020 | Books | ||||
| Naharkatiya College Library | Naharkatiya College Library | General stacks | 09/19/2020 | 39 | 491.451Language | KON | 28349 | 04/30/2026 | 04/30/2026 | 2 | 09/19/2020 | Books | ||||
| Naharkatiya College Library | Naharkatiya College Library | General stacks | 09/19/2020 | 491.451Language | KON | 28350 | 09/19/2020 | 1 | 09/19/2020 | Books | ||||||
| Naharkatiya College Library | Naharkatiya College Library | General stacks | 09/19/2020 | 3 | 491.451Language | KON | 28351 | 09/22/2021 | 09/03/2021 | 5 | 09/19/2020 | Books |